00321nam a2200133Ia 4500008004100000100004500041245001800086250001200104260002700116300000800143650001200151942000700163999001700170190216s9999||||xx |||||||||||||| ||und|| a"Mathachan. M, Lazarus. Vt, Joseph. Pa" 0aCbse Physics a5th Ed. bVidyarthimithramc1998 a430 aPhysics cBK c33375d33375